000 00240nam a2200097Ia 4500
001 1229119
005 20250827093055.0
008 250824s9999 xx 000 0 und d
245 0 _aMETRO 2033
_cDMITRY GLUKHOVSKY
260 _bPANAMA YAYINLARI
999 _c1229119
_d1229119